000 00359nam a22001217a 4500
008 230621b xxu||||| |||| 00| 0 eng d
082 _a328.35
_bKOS
100 _cKingdom of Swaziland
245 _aHouse of Assembly
_bProceedings of the fifth Parliament Third session Second meeting
260 _bKingdom of Swaziland
_c1990
300 _a384p
942 _2ddc
_cBK
999 _c2100
_d2100